Представление документа в формате MARC21

ПолеНазваниеЗначение
  Тип записи a
  Библиографический уровень m
001 Контрольный номер RU\infra-m\znanium\bibl\2230924
005 Дата корректировки 20260429142154.6
008 Кодируемые данные 251223s2025 RU g rus u
020 Индекс ISBN __
a ISBN 978-5-16-021761-1
020 Индекс ISBN __
a ISBN 978-5-16-109318-4 (электр. издание)
040 Источник каталогиз. __
a Служба первич. каталог. Общество с ограниченной ответственностью «ЗНАНИУМ»
041 Код языка издания __
a Код языка текста rus
044 Код страны публикации __
a Код страны публикации RU
080 Индекс УДК __
a Индекс УДК 338.48(075.8)
084 Индекс другой классификации/Индекс ББК __
2 Источник индекса rubbk
a Индекс другой классификации/Индекс ББК 65.432я73
084 Индекс другой классификации/Индекс ББК __
2 Источник индекса okso
a Индекс другой классификации/Индекс ББК 43.03.02
084 Индекс другой классификации/Индекс ББК __
2 Источник индекса okso
a Индекс другой классификации/Индекс ББК 43.03.03
100 Автор __
a Автор Ключевская И.С.
q Полное имя Ключевская Ирина Сергеевна
u Дополнение Российский государственный гуманитарный университет РГГУ
245 Заглавие __
a Заглавие Технология формирования и продвижения гостиничного продукта
b Продолж. заглавия Учебное пособие
c Ответственность Российский государственный гуманитарный университет РГГУ
250 Сведения об издании __
a Основные сведения об издании 1
260 Выходные данные __
a Место издания Москва
b Издательство ООО "Научно-издательский центр ИНФРА-М"
c Дата издания 2026
300 Физическое описание __
a Объем 346 с.
440 Серия __
a Серия Высшее образование
520 Аннотация __
a Аннотация Рассматривается специфика формирования и продвижения гостиничного продукта связанная с особенностями развития рынка гостиничных услуг проанализированы инструменты и стратегии продвижения гостиничного продукта. Освещаются вопросы рекламной и PR-деятельности гостиниц интернет-технологии продвижения формирования имиджа и бренда гостиничного предприятия. В конце каждой главы приводятся задания и вопросы позволяющие закрепить теоретический материал. Соответствует требованиям федеральных государственных образовательных стандартов высшего образования последнего поколения. Для студентов образовательных организаций высшего образования обучающихся по направлениям подготовки 43.03.03 «Гостиничное дело» и 43.03.02 «Туризм» (уровень бакалавриата) и для студентов учреждений среднего профессионального образования обучающихся по специальности 43.02.11 «Гостиничный сервис». Может быть использовано для обучения слушателей организаций дополнительного профессионального образования студентов как очной так и дистанционной форм обучения а отдельные главы могут быть полезны студентам колледжей.
521 Примеч. о цел. назн. __
a Примеч. о целев. назн. ВО - Бакалавриат
650 Тематические рубрики __
a Основная рубрика Бизнес. Предпринимательство. Сервис
x Основная подрубрика Сервис. Бытовое обслуживание. Ресторанный бизнес
655 Указ. предметных рубрик (устаревшее) __
a Жанр/ форма (устаревшее) Учебное пособие
856 Электронный адрес документа 4_
a Имя сервера/домена znanium.ru
m Помощь ebs_support@infra-m.ru
n Местонахождение сервера НИЦ ИНФРА-М
u URL https://znanium.ru/catalog/document?id=475044
856 Электронный адрес документа 48
a Имя сервера/домена znanium.ru
d Путь /cover/2230
f Электронное имя 2230924.jpg
q Тип электронного формата image/jpeg
u URL https://znanium.ru/cover/2230/2230924.jpg
911 __
u 0030=https://znanium.ru/catalog/document?id=475044